LEADER 01926nas 2200409 n 450 001 990008912900403321 005 20240229084445.0 011 $a1120-9259 035 $a000891290 035 $aFED01000891290 035 $a(Aleph)000891290FED01 035 $a000891290 091 $2CNR$aP 00231317 100 $a20090724b19411946km-y0itaa50------ba 101 0 $aita 102 $aIT 110 $aauu-------- 200 1 $aAtti della Reale Accademia di Scienze Lettere e Arti di Palermo. Parte II 207 1$a1941-1946 210 $aPalermo$cReale Accademia di Scienze Lettere e Arti 440 0$1001000891221$12001$aAtti della Accademia di Scienze, Lettere e Arti di Palermo. Parte II: Lettere 443 0$1001000891292$12001$aAtti della Reale Accademia di Scienze, Lettere ed Arti di Palermo 530 1 $aAtti della Reale Accademia di Scienze Lettere e Arti di Palermo. Parte II 531 $aATTI R. ACCAD. SCI. LETT. ARTI PALERMO, PARTE II 675 $a50 675 $a8 675 $a7 801 0$aIT$bACNP$c20090723 859 4 $uhttp://acnp.cib.unibo.it/cgi-ser/start/it/cnr/dc-p1.tcl?catno=2109420&person=false&language=ITALIANO&libr=&libr_th=unina1$zBiblioteche che possiedono il periodico 901 $aSE 912 $a990008912900403321 958 $aBiblioteca Centralizzata. Facoltà di Agraria dell'Università Federico II di Napoli$b1941;$fFAGBC 959 $aFAGBC 996 $aAtti della Reale Accademia di Scienze Lettere e Arti di Palermo. Parte II$9799919 997 $aUNINA AP1 8 $6866-01$aNA087 Biblioteca Centralizzata. Facoltà di Agraria dell'Università Federico II di Napoli$ev. Università, 100 Palazzo Reale, 80055 Portici (NA)$m081-2539322$m081-7760229$nit AP2 40$aacnp.cib.unibo.it$nACNP Italian Union Catalogue of Serials$uhttp://acnp.cib.unibo.it/cgi-ser/start/it/cnr/df-p.tcl?catno=2109420&language=ITALIANO&libr=&person=&B=1&libr_th=unina&proposto=NO LEADER 03267nam2 2200613 i 450 001 VAN0059191 005 20240112083848.287 010 $a978-35-403-0991-8 100 $a20070511d2006 |0itac50 ba 101 $aeng 102 $aDE 105 $a|||| ||||| 200 1 $aˆ1.: The ‰Hamiltonian approach$fS. Attal, A. Joye, C.-A. Pillet (Eds.) 210 $aBerlin$cSpringer$d2006 215 $aXVI, 329 p.$d24 cm 300 $aPubblicazione disponibile anche in formato elettronico 461 1$1001VAN0059190$12001 $aOpen quantum systems$fStéphane Attal, Alain Joye, Claude-Alain Pillet (Eds.)$1210 $aBerlin$cSpringer$d2006$1215 $avolumi$d24 cm$v1. 461 1$1001VAN0102250$12001 $aLecture notes in mathematics$1210 $aBerlin [etc.]$cSpringer$v1880 500 1$3VAN0234529$aOpen quantum systems. 1, The Hamiltonian approach$92983282 606 $a60J25$xContinuous-time Markov processes on general state spaces [MSC 2020]$3VANC019839$2MF 606 $a47D06$xOne-parameter semigroups and linear evolution equations [MSC 2020]$3VANC020305$2MF 606 $a81S25$xQuantum stochastic calculus [MSC 2020]$3VANC020666$2MF 606 $a37A60$xDynamical aspects of statistical mechanics [MSC 2020]$3VANC020678$2MF 606 $a37A30$xErgodic theorems, spectral theory, Markov operators [MSC 2020]$3VANC020679$2MF 606 $a47L30$xAbstract operator algebras on Hilbert spaces [MSC 2020]$3VANC020681$2MF 606 $a60H10$xStochastic ordinary differential equations [MSC 2020]$3VANC020682$2MF 606 $a81Q10$xSelfadjoint operator theory in quantum theory, including spectral analysis [MSC 2020]$3VANC020683$2MF 606 $a47L90$xApplications of operator algebras to the sciences [MSC 2020]$3VANC020685$2MF 606 $a82C70$xTransport processes in time-dependent statistical mechanics [MSC 2020]$3VANC020688$2MF 606 $a82C10$xQuantum dynamics and nonequilibrium statistical mechanics (general) [MSC 2020]$3VANC020689$2MF 606 $a47A05$xGeneral (adjoints, conjugates, products, inverses, domains, ranges, etc.) [MSC 2020]$3VANC028923$2MF 610 $aAlgebra$9KW:K 610 $aDynamical systems$9KW:K 610 $aEquation$9KW:K 610 $aMarkov Processes$9KW:K 610 $aMathematical physics$9KW:K 610 $aNon-Equilibrium Statistical Mechanics$9KW:K 610 $aOperator algebras$9KW:K 610 $aQuantum dynamical systems$9KW:K 610 $aQuantum noises$9KW:K 610 $aSpectral Theory$9KW:K 610 $aStochastic differential equations$9KW:K 620 $dBerlin$3VANL000066 702 1$aAttal$bStéphane$3VANV046879 702 1$aJoye$bAlain$3VANV046881 702 1$aPillet$bClaude-Alain$3VANV046882 712 $aSpringer $3VANV108073$4650 801 $aIT$bSOL$c20240614$gRICA 856 4 $uhttps://doi.org/10.1007/b128449$zhttps://doi.org/10.1007/b128449 899 $aBIBLIOTECA DEL DIPARTIMENTO DI MATEMATICA E FISICA$1IT-CE0120$2VAN08 912 $aVAN0059191 950 $aBIBLIOTECA DEL DIPARTIMENTO DI MATEMATICA E FISICA$d08PREST 81-XX 0183 $e08 7656 I 20070511 996 $aOpen quantum systems. 1, The Hamiltonian approach$92983282 997 $aUNICAMPANIA